| 000 | 00815nam a2200217 a 4500 | ||
|---|---|---|---|
| 001 | 000017193 | ||
| 005 | 20200929165037.0 | ||
| 008 | 100319s1920 dr 000 0 spa d | ||
| 040 |
_aDO-SdBNP _bspa _cBNPHU |
||
| 082 |
_a372.071 _bR426p |
||
| 110 | 1 |
_aRepública Dominicana _bSecretaría de Estado de Justicia e Instrucciones Pública _937836 |
|
| 245 | 1 | 0 | _aProgramas para el examen de maestros de instrucción primaria. |
| 250 | _aed. oficial | ||
| 260 |
_aSanto Domingo : _bJ. R. Vda García, _c1920. |
||
| 300 |
_a134 p. ; _c24 cm. |
||
| 650 | 4 |
_aCapacitación docente _xProgramas _zRepública Dominicana _937837 |
|
| 650 | 4 |
_aEducación _xEnseñanza _xProgramas _937838 |
|
| 650 | 4 |
_aEducación a distancia _zRepública Dominicana _936357 |
|
| 650 | 4 |
_aFormación profesional de maestros _917397 |
|
| 049 | _aBNPD | ||
| 999 |
_c16719 _d16719 |
||